The noble scholar, jurist, historian


 His Excellency Dr. Abdul Wahhab bin Ibrahim Abu Sulaiman, may Allah have mercy on him.


 He was born in Umm Al-Qura in the year 1356 AH.

كشف الحال في وصف الخال / (Record no. 9240)

MARC details
000 -LEADER
fixed length control field 01443cam a22002771i 4500
003 - CONTROL NUMBER IDENTIFIER
control field SA-RiAUC
005 - DATE AND TIME OF LATEST TRANSACTION
control field 20250627150230.0
008 - FIXED-LENGTH DATA ELEMENTS--GENERAL INFORMATION
fixed length control field 250625s2005 le a g 000 p ara c
040 ## - CATALOGING SOURCE
Original cataloging agency SA-JeALM
Language of cataloging ara
Transcribing agency SA-RiAUC
Description conventions rda
050 #4 - LIBRARY OF CONGRESS CALL NUMBER
Item number S25 2005
082 04 - DEWEY DECIMAL CLASSIFICATION NUMBER
Classification number 811.054
Assigning agency SA-RiAUC
090 ## - LOCALLY ASSIGNED LC-TYPE CALL NUMBER (OCLC); LOCAL CALL NUMBER (RLIN)
Classification number (OCLC) (R) ; Classification number, CALL (RLIN) (NR) 811.054
Local cutter number (OCLC) ; Book number/undivided call number, CALL (RLIN) ص ل ا
100 1# - MAIN ENTRY--PERSONAL NAME
Personal name صلاح الدين الصفدي، خليل بن أيبك بن عبد الله،
Dates associated with a name 696-764 هجري
Relator term مؤلف.
245 10 - TITLE STATEMENT
Title كشف الحال في وصف الخال /
Statement of responsibility, etc. صلاح الدين الصفدي ؛ دراسة وتحقيق عبد الرحمن بن محمد بن عمر العقيل.
250 ## - EDITION STATEMENT
Edition statement الطبعة الأولى.
264 #1 - PRODUCTION, PUBLICATION, DISTRIBUTION, MANUFACTURE, AND COPYRIGHT NOTICE
Place of production, publication, distribution, manufacture الرياض - السعودية :
-- بيروت :
Name of producer, publisher, distributor, manufacturer عبدالرحمن بن محمد العقيل،
-- الدار العربية للموسوعات.
Date of production, publication, distribution, manufacture, or copyright notice 2005
300 ## - PHYSICAL DESCRIPTION
Extent 368 صفحة :
Other physical details إيضاحيات ؛
Dimensions 24 سم
336 ## - CONTENT TYPE
Content type term نص
Content type code txt
Source rdacontent
Materials specified كتاب
337 ## - MEDIA TYPE
Media type term بدون وسيط
Media type code n
Source rdamedia
338 ## - CARRIER TYPE
Carrier type term مجلد
Carrier type code nc
Source rdacarrier
650 #7 - SUBJECT ADDED ENTRY--TOPICAL TERM
Topical term or geographic name entry element الشعر العربي الوصفي
Chronological subdivision العصر المملوكي
Source of heading or term aucsh
700 12 - ADDED ENTRY--PERSONAL NAME
Relationship information ترجمة لـ :
Personal name صلاح الدين الصفدي، خليل بن أيبك بن عبد الله،
Dates associated with a name 696-764 هجري.
Title of a work كشف الحال في وصف الخال
700 1# - ADDED ENTRY--PERSONAL NAME
Personal name العقيل، عبد الرحمن محمد عمر
Relator term محقق.
942 ## - ADDED ENTRY ELEMENTS (KOHA)
Source of classification or shelving scheme Dewey Decimal Classification
Koha item type Books
Suppress in OPAC No
949 ## - LOCAL PROCESSING INFORMATION (OCLC)
a SA-JeALM
d 250625
u osman123
n 1
Holdings
Withdrawn status Lost status Source of classification or shelving scheme Damaged status Not for loan Home library Current library Date acquired Total checkouts Full call number Barcode Date last seen Price effective from Koha item type
    Dewey Decimal Classification     DR AbdElwahab Library DR AbdElwahab Library 06/27/2025   811.054 ص ل ا 000015398 06/27/2025 06/27/2025 Books
    Dewey Decimal Classification     DR AbdElwahab Library DR AbdElwahab Library 10/20/2025   811.054 ص ل ا 000020357 10/20/2025 10/20/2025 Books